| 000 | 00529nam a22001937a 4500 | ||
|---|---|---|---|
| 003 | NUST | ||
| 020 | _a9788131726990 | ||
| 038 | _akhadija | ||
| 082 |
_a620.104 _bHIB |
||
| 100 |
_aHibbeler, R.C _988565 |
||
| 245 |
_aEngineering Mechanics Statics & Dynamics / _cR.C. Hibbeler |
||
| 250 | _a11th | ||
| 260 |
_aIndia _bPearson Education Asia _c2010 |
||
| 300 | _aX, 838P | ||
| 563 | _aPB | ||
| 650 |
_aENGINEERING MECHANICS-STATICS. ENGINEERING MECHANICS- DYNAMICS _988566 |
||
| 700 |
_aGUPTA, ASHOK _988567 |
||
| 942 |
_cBK _2ddc |
||
| 999 |
_c33609 _d33609 |
||